Introducción a la investigación de operaciones
Sábháilte in:
| Príomhchruthaitheoir: | |
|---|---|
| Rannpháirtithe: | |
| Formáid: | LEABHAR |
| Foilsithe / Cruthaithe: |
México : McGraw-Hill
1991
|
| Ábhair: | |
| Clibeanna: |
Cuir clib leis
Níl clibeanna ann, Bí ar an gcéad duine le clib a chur leis an taifead seo!
|
MARC
| LEADER | 00000nam a2200000Ia 4500 | ||
|---|---|---|---|
| 003 | 000478 | ||
| 005 | 20221231144021.0 | ||
| 008 | 140114s1991 mx a 000 ||s d | ||
| 040 | |c cru CEDI | ||
| 082 | |a 658.403.2 H655i | ||
| 100 | |a Hillier, Frederick S. |9 18548 | ||
| 245 | |a Introducción a la investigación de operaciones | ||
| 260 | |a México : McGraw-Hill |c 1991 | ||
| 300 | |a 955 páginas ; 23 cm | ||
| 500 | |a Traduccion de: Introduction to operations research. | ||
| 650 | |x INVESTIGACION OPERACIONAL |9 18550 | ||
| 700 | |9 18549 |a Lieberman, Gerald J | ||
| 942 | |2 ddc |c BK | ||
| 999 | |c 15656 |d 15656 | ||
